El hombre y sus nuevas esperanzas / (Record no. 110207)

MARC details
000 -LEADER
campo de control de longitud fija 00505nam a2200169 4500
001 - NÚMERO DE CONTROL
campo de control 110207
003 - IDENTIFICADOR DE NÚMERO DE CONTROL
campo de control ES-MaACL
005 - FECHA Y HORA DE LA ÚLTIMA TRANSACCIÓN
campo de control 20230906185011.0
007 - CAMPO FIJO DE DESCRIPCIÓN FÍSICA--INFORMACIÓN GENERAL
campo de control de longitud fija t|
008 - DATOS DE LONGITUD FIJA--INFORMACIÓN GENERAL
campo de control de longitud fija 061121s1970 sp r ||||1| spa d
100 1# - ENTRADA PRINCIPAL--NOMBRE DE PERSONA
Nombre de persona O'Collins, Gerald.
9 (RLIN) 86299
245 13 - MENCIÓN DEL TÍTULO
Título El hombre y sus nuevas esperanzas /
Mención de responsabilidad, etc. Gerald O'Collins; traducción de Antonio Diego.
260 ## - PUBLICACIÓN, DISTRIBUCIÓN, ETC.
Lugar de publicación, distribución, etc. Santander :
Nombre del editor, distribuidor, etc. Sal Terrae,
Fecha de publicación, distribución, etc. 1970.
300 ## - DESCRIPCIÓN FÍSICA
Extensión 197 p. ;
Dimensiones 19 cm.
700 1# - ENTRADA AGREGADA--NOMBRE PERSONAL
Nombre de persona Diego, Antonio.
9 (RLIN) 44536
852 ## - LOCALIZACIÓN
Ubicación ES-MaACL
Número de control de estantería C-50105
Sublocalización o colección R.77038
Holdings
Estatus retirado Estado de pérdida Estado de daño No para préstamo Biblioteca de origen Biblioteca actual Ubicación en estantería Fecha de adquisición Fuente de adquisición Total de préstamos Signatura topográfica completa Código de barras Visto por última vez Precio de reemplazo Tipo de ítem Koha
        Biblioteca del Ateneo de Madrid Biblioteca del Ateneo de Madrid Depósito 2 17/01/2008     C-50105 1114978 23/02/2023 23/02/2023 Libro impreso